Musique des Youtubers Français - Statistiques

Statistiques générales
  • Ce quiz a été pris 438 fois
  • Le résultat moyen est 10 sur 17
Statistiques - réponses
Par images Réponse % Correct
Top 1
83%
Deprime
76%
Je sais pas danser
75%
Luigi clash Mario
71%
Assasin des Templiers
70%
Overwatch Rap Battle
69%
J'effectue le dab
68%
Placements de Produits
68%
Dans le club
67%
S vs L
59%
Mili Mili
53%
Friendzone
49%
Cyprien répond à Cortex
47%
Freestyle du Dico
45%
Clash Asteroide
41%
Saint Valentin
30%
J'aime pas Noel
22%
Aucun quiz correspondant
Distribution des résultats
% des personnes avec chaque résultat
Percentile par nombre de réponses
Votre historique - résultats
Vous n’avez pas pris ce quiz